宗谷本線の駅名 - Statistics

General Stats
  • This quiz has been taken 53 times
  • The average score is 25 of 35
Answer Stats
Hint Answer % Correct
A28 旭川
100%
W80 稚内
100%
W79 南稚内
98%
W48 名寄
93%
W61 音威子府
91%
W72 幌延
89%
A30 新旭川
87%
A29 旭川四条
82%
W64 天塩中川
82%
W74 豊富
82%
W38 和寒
80%
W40 剣淵
80%
W42 士別
80%
W47 名寄高校
80%
W34 比布
78%
W59 天塩川温泉
78%
W54 美深
76%
W31 永山
71%
W77 勇知
69%
W32 北永山
67%
W46 風連
67%
W67 糠南
67%
W76 兜沼
67%
W37 塩狩
62%
W36 蘭留
58%
W60 咲来
58%
W66 問寒別
58%
W44 多寄
56%
W51 智恵文
56%
W62 筬島
56%
W73 下沼
56%
W52 智北
53%
W63 佐久
53%
W45 瑞穂
51%
W49 日進
51%
No matching quizzes found
Score Distribution
Percent of People with Each Score
Percentile by Number Answered
Your Score History
You have not taken this quiz